| 000 | 02393nam a22003617a 4500 | ||
|---|---|---|---|
| 001 | 100379 | ||
| 003 | KnowledgeUnlatched | ||
| 005 | 20210303105307.0 | ||
| 006 | m o d | ||
| 007 | cr u|||||||||| | ||
| 008 | 210129p20152018gw o u00| u eng d | ||
| 035 | _a(OCoLC)919297286 | ||
| 037 | _5BiblioBoard | ||
| 245 | 0 | 0 |
_aAuthority and Performance _bSociological Perspectives on the Council of Chalcedon (AD 451) / _cHagit Amirav. |
| 020 | _a9783666208683 | ||
| 029 | 1 | _ahttps://library.biblioboard.com/ext/api/media/f8b2fd79-b863-4205-aef9-9b0aa6ee0649/assets/thumbnail.jpg | |
| 040 |
_aScCtBLL _cScCtBLL |
||
| 100 | 1 |
_aAmirav, Hagit _eauthor. |
|
| 264 | 1 | _bVandenhoeck & Ruprecht, | |
| 300 | _a1 online resource (233 p.) | ||
| 506 | 0 |
_aAccess copy available to the general public. _fUnrestricted _2star |
|
| 520 | _aOne can hardly exaggerate the importance of the church councils in the 5th and 6th centuries. They provide us with great insights into the situation in the late Roman Empire and particularly into the role of the Church at that time. Because of the rich source materials, the dramatic course it took and its overall historical relevance, the Council of Chalcedon (AD 451) is one of the most important events of that period. The decrees of this council led to major upheavals in the Church which continue to this very day. Hagit Amirav presents the first study on the social dynamics and various roles played by the stakeholders of this council, the power plays of the imperial representatives and the bishops, their actions and statements designed to further a consensus. At the centre of this analysis lies Marcian in his dual role as Emperor of the East Roman Empire as well as a central figure in the Church. | ||
| 588 | 0 | _aDescription based on print version record. | |
| 590 | _aKU Select 2016 Backlist Collection | ||
| 650 | 7 |
_aLiterary Criticism _2bisacsh |
|
| 650 | 0 |
_aLiterature _xHistory and criticism |
|
| 655 | 0 | _aElectronic books. | |
| 758 |
_iIs found in: _aKnowledge Unlatched _1https://openresearchlibrary.org/module/2774bc74-146a-484f-a7ba-ab1d6a09bbfb |
||
| 856 | 4 | 0 |
_uhttps://openresearchlibrary.org/content/f8b2fd79-b863-4205-aef9-9b0aa6ee0649 _zView this content on Open Research Library. _70 |
| 999 |
_c34095 _d34095 |
||